[Event "IECG CE.2001.0.00008 email"]
[Site "IECG email"]
[Date "2001.08.11"]
[Round "?"]
[White "Burk, Klaus"]
[Black "Zazen, Zen"]
[Result "0-1"]
[WhiteElo "1200"]
[BlackElo "1094"]
[PlyCount "78"]
[EventDate "2001.08.11"]
[EventType "tourn (corr)"]
[EventRounds "6"]
[SourceTitle "Corr 2008"]
[Source "ChessBase"]
[SourceDate "2008.06.24"]
[SourceVersion "1"]
[SourceVersionDate "2008.06.24"]
[SourceQuality "1"]

1. e4 c5 2. Nf3 Nc6 3. Bb5 g6 4. 0-0 Bg7 5. Bxc6 dxc6 6. d3 Nf6 7. h3 Nd7 8. Nc3 0-0 9. Bf4 e5 10. Be3 b5 11. Re1 Qe7 12. a4 b4 13. Nb1 f5 14. Bg5 Qf7 15. exf5 gxf5 16. Nbd2 Ba6 17. Bh4 Rae8 18. Rb1 Kh8 19. Nc4 Bxc4 20. dxc4 e4 21. Ng5 Qe7 22. Nf3 Bf6 23. Bxf6+ Rxf6 24. Qd2 Re6 25. Nh2 Ne5 26. b3 Qh4 27. Kh1 Rg8 28. Rg1 f4 29. Rbe1 f3 30. gxf3 exf3 31. Rxg8+ Kxg8 32. Qd1 Qxh3 33. Qd8+ Kg7 34. Qg5+ Kf7 35. Qg3 Qh6 36. Rg1 Kf6 37. Re1 Re7 38. Re3 a5 39. Re1 Qg5 0-1

[Event "IECG CE.2001.0.00008 email"]
[Site "IECG email"]
[Date "2001.08.11"]
[Round "?"]
[White "Nett, Philipp"]
[Black "Zazen, Zen"]
[Result "1/2-1/2"]
[WhiteElo "1304"]
[BlackElo "1094"]
[PlyCount "73"]
[EventDate "2001.08.11"]
[EventType "tourn (corr)"]
[EventRounds "6"]
[SourceTitle "Corr 2008"]
[Source "ChessBase"]
[SourceDate "2008.06.24"]
[SourceVersion "1"]
[SourceVersionDate "2008.06.24"]
[SourceQuality "1"]

1. d4 d5 2. c4 Nc6 3. cxd5 Qxd5 4. Nf3 e5 5. Nc3 Bb4 6. dxe5 Qxd1+ 7. Kxd1 Bg4 8. Bf4 Nge7 9. e3 Ng6 10. Be2 0-0-0+ 11. Kc2 Bxf3 12. Bxf3 Ncxe5 13. Bxe5 Nxe5 14. Be2 c6 15. Rhd1 Rhe8 16. a3 Bxc3 17. Kxc3 Nd7 18. b4 Nf6 19. Bf3 g5 20. Rxd8+ Rxd8 21. g4 Rd6 22. h4 h6 23. hxg5 hxg5 24. Ra2 Kd7 25. Rd2 Rxd2 26. Kxd2 Kd6 27. Kd3 c5 28. b5 b6 29. Bd1 Ke5 30. f3 Ne8 31. Bb3 Nd6 32. a4 f5 33. gxf5 Nxf5 34. Bf7 Nd6 35. Bc4 Ne8 36. Kc3 Nf6 37. Be2 1/2-1/2

[Event "IECG CE.2001.0.00008 email"]
[Site "IECG email"]
[Date "2001.08.11"]
[Round "?"]
[White "Zazen, Zen"]
[Black "Ribeiro, Rogerio"]
[Result "1/2-1/2"]
[WhiteElo "1094"]
[BlackElo "1124"]
[PlyCount "117"]
[EventDate "2001.08.11"]
[EventType "tourn (corr)"]
[EventRounds "6"]
[SourceTitle "Corr 2008"]
[Source "ChessBase"]
[SourceDate "2008.06.24"]
[SourceVersion "1"]
[SourceVersionDate "2008.06.24"]
[SourceQuality "1"]

1. e4 c5 2. Nf3 Nc6 3. d4 cxd4 4. Nxd4 e6 5. Nc3 a6 6. Be2 Qc7 7. 0-0 Nf6 8. Be3 Bb4 9. Na4 Be7 10. c4 Nxe4 11. c5 0-0 12. Rc1 Rb8 13. g3 Kh8 14. Bf3 f5 15. Bg2 Nf6 16. Nb6 Bxc5 17. Nb5 Qxb6 18. Bxc5 Qd8 19. Bxf8 Qxf8 20. Nd6 f4 21. a3 a5 22. Re1 fxg3 23. fxg3 Kg8 24. Rf1 Qd8 25. Rc2 b5 26. Bxc6 dxc6 27. Rxc6 Bd7 28. Rc5 a4 29. Qd4 Qb6 30. Rxf6 gxf6 31. Ne4 Bc6 32. Nxf6+ Kf7 33. Nxh7 Ke7 34. Kf1 Rd8 35. Qf6+ Kd6 36. Qf4+ Ke7 37. Rc1 Re8 38. Qh4+ Kd6 39. Nf6 Rd8 40. Qb4+ Kc7 41. Qe7+ Kc8 42. Qxe6+ Kb7 43. Qe7+ Qc7 44. Qxc7+ Kxc7 45. Ke2 Rh8 46. h4 Kd6 47. Rc3 b4 48. axb4 Rb8 49. h5 Rxb4 50. Rc2 Bb5+ 51. Ke1 Ke6 52. Nh7 Bd3 53. Nf8+ Ke7 54. Rf2 Rb6 55. g4 Rb4 56. g5 Rb5 57. Ng6+ Bxg6 58. hxg6 Rxg5 59. Rf4 1/2-1/2

[Event "IECG CN.2001.0.00240"]
[Site "IECG email"]
[Date "2001.03.25"]
[Round "?"]
[White "Zazen, Zen"]
[Black "Bharat, Joisar"]
[Result "1/2-1/2"]
[WhiteElo "800"]
[BlackElo "800"]
[PlyCount "66"]
[EventDate "2001.03.25"]
[EventType "tourn (corr)"]
[EventRounds "6"]
[SourceTitle "Corr 2008"]
[Source "ChessBase"]
[SourceDate "2008.06.24"]
[SourceVersion "1"]
[SourceVersionDate "2008.06.24"]
[SourceQuality "1"]

1. e4 e5 2. Nf3 Nf6 3. Nxe5 d6 4. Nf3 Nxe4 5. d4 d5 6. Bd3 Bd6 7. 0-0 0-0 8. c4 c6 9. Qc2 Na6 10. a3 Bg4 11. Ne5 Bxe5 12. dxe5 Nac5 13. f3 Nxd3 14. Qxd3 Nc5 15. Qd4 Nb3 16. Qxg4 Nxa1 17. Bh6 g6 18. cxd5 Qxd5 19. Nc3 Qc5+ 20. Kh1 Nc2 21. Bxf8 Rxf8 22. Qf4 Qe3 23. Qf6 Ne1 24. Ne4 Nd3 25. e6 fxe6 26. Qxe6+ Kg7 27. h3 Rf5 28. b4 Rf7 29. Qd6 a6 30. Qd8 h6 31. Qd6 h5 32. h4 Qe2 33. Qd4+ Kg8 1/2-1/2

[Event "IECG CN.2001.0.00240"]
[Site "IECG email"]
[Date "2001.03.25"]
[Round "?"]
[White "Zazen, Zen"]
[Black "Colard, Eric"]
[Result "1-0"]
[WhiteElo "800"]
[BlackElo "769"]
[PlyCount "53"]
[EventDate "2001.03.25"]
[EventType "tourn (corr)"]
[EventRounds "6"]
[SourceTitle "Corr 2008"]
[Source "ChessBase"]
[SourceDate "2008.06.24"]
[SourceVersion "1"]
[SourceVersionDate "2008.06.24"]
[SourceQuality "1"]

1. e4 c5 2. Nf3 d6 3. d4 cxd4 4. Nxd4 Nf6 5. Nc3 g6 6. Be3 Bg7 7. f3 0-0 8. Qd2 Nc6 9. 0-0-0 d5 10. exd5 Nxd5 11. Nxc6 bxc6 12. Bd4 e5 13. Bc5 Be6 14. Ne4 Re8 15. h4 h6 16. h5 g5 17. c4 Nb6 18. Qc3 Qc7 19. Bd6 Qc8 20. Bxe5 Na4 21. Qa5 Nb6 22. Bxg7 Kxg7 23. Qe5+ Kf8 24. Qh8+ Ke7 25. Qf6+ Kf8 26. Qxh6+ Kg8 27. Nf6# 1-0

[Event "IECG CN.2001.0.00236"]
[Site "IECG email"]
[Date "2001.02.18"]
[Round "?"]
[White "Zazen, Zen"]
[Black "Heide, Ken"]
[Result "1-0"]
[WhiteElo "800"]
[BlackElo "800"]
[PlyCount "65"]
[EventDate "2001.02.18"]
[EventType "tourn (corr)"]
[EventRounds "6"]
[SourceTitle "Corr 2008"]
[Source "ChessBase"]
[SourceDate "2008.06.24"]
[SourceVersion "1"]
[SourceVersionDate "2008.06.24"]
[SourceQuality "1"]

1. e4 e5 2. Nf3 Nf6 3. Nxe5 Qe7 4. d4 d6 5. Nf3 Nxe4 6. Be2 Bf5 7. 0-0 Nd7 8. c4 0-0-0 9. Re1 Ndf6 10. Bd3 d5 11. cxd5 Qd7 12. Qc2 Nd6 13. Ne5 Bxd3 14. Qxd3 Qe8 15. Qh3+ Nd7 16. Bd2 Be7 17. Bb4 Kb8 18. Bxd6 cxd6 19. Nc4 Qf8 20. Nc3 h6 21. Re2 Nf6 22. Rae1 Rd7 23. Nb6 axb6 24. Nb5 Rc7 25. Qa3 Nxd5 26. Qa7+ Kc8 27. Nxc7 Nxc7 28. Rxe7 Qd8 29. Qxb6 Rf8 30. R1e3 g6 31. a4 g5 32. a5 f5 33. Rh7 1-0